[Event "DEM U14 2014"]
[Site "Magdeburg GER"]
[Date "2014.06.08"]
[Round "1"]
[White "Vogel, Roven"]
[Black "Reuker, Jari"]
[Result "1-0"]
[Termination "normal"]
[Board "1"]
[WhiteElo "2270"]
[BlackElo "1867"]
[WhiteClock "00:33:57"]
[BlackClock "00:07:33"]
[PlyCount "119"]
[WhiteFideId "12908088"]
[BlackFideId "12909300"]
[EventCountry "GER"]
[EventRounds "9"]
[EventType "swiss"]
[EventDate "2014.06.07"]

1. Nf3 c5 2. b3 d6 3. e4 Nf6 4. Bb5+ Bd7 5. Bxd7+ Qxd7 6. d3 Nc6 7. Bb2 e5 8.
O-O g6 9. Nfd2 Bg7 10. f4 Ng4 11. Nc4 b5 12. h3 bxc4 13. hxg4 cxd3 14. Qxd3 Rd8
15. f5 d5 16. exd5 Qxd5 17. Qxd5 Rxd5 18. Nc3 Rd4 19. g5 gxf5 20. Rxf5 O-O 21.
Na4 Rd2 22. Rf2 Rfd8 23. Bc3 Rd1+ 24. Rxd1 Rxd1+ 25. Rf1 Rd5 26. Re1 Nd4 27.
Bxd4 cxd4 28. Kf2 Kf8 29. Nb2 Ke7 30. Kf3 Ke6 31. g4 h6 32. gxh6 Bxh6 33. Rh1
Bf8 34. Ke4 Rd8 35. Rh5 f6 36. Rh8 Kf7 37. g5 fxg5 38. Nc4 Kg7 39. Rh3 Re8 40.
Rf3 Re6 41. Rf5 Be7 42. Rxe5 Rxe5+ 43. Nxe5 Bf6 44. Ng4 Bd8 45. Kxd4 Kg6 46.
Ke4 Kh5 47. Kf5 Bc7 48. b4 Kh4 49. c4 a6 50. c5 Bb8 51. a4 Ba7 52. c6 Bb8 53.
Ne5 Kh5 54. b5 axb5 55. axb5 Bc7 56. Nd7 Kh4 57. b6 Bxb6 58. Nxb6 g4 59. c7 g3
60. c8=Q 1-0

[Event "DEM U14 2014"]
[Site "Magdeburg GER"]
[Date "2014.06.08"]
[Round "1"]
[White "Nothnagel, Marian Can"]
[Black "Bergauz, Noam"]
[Result "0-1"]
[Termination "normal"]
[Board "2"]
[WhiteElo "1790"]
[BlackElo "2147"]
[WhiteClock "00:45:13"]
[BlackClock "00:22:55"]
[PlyCount "96"]
[WhiteFideId "12921530"]
[BlackFideId "12938033"]
[EventCountry "GER"]
[EventRounds "9"]
[EventType "swiss"]
[EventDate "2014.06.07"]

1. e4 e6 2. d3 d5 3. Nd2 c5 4. Ngf3 Nc6 5. g3 Nf6 6. Bg2 g6 7. O-O Bg7 8. exd5
Nxd5 9. Ne4 b6 10. Re1 O-O 11. h4 e5 12. Nc3 Bg4 13. Bd2 Re8 14. Nxd5 Qxd5 15.
Bc3 Rad8 16. Nh2 Bxd1 17. Bxd5 Rxd5 18. Raxd1 Red8 19. Nf1 Nd4 20. Bxd4 cxd4
21. g4 Rc8 22. Re2 Rb5 23. Rb1 Bf8 24. a4 Rbc5 25. Rc1 f6 26. g5 f5 27. Nh2 e4
28. dxe4 d3 29. Rd2 Rxc2 30. Rcd1 fxe4 31. Nf1 Rc1 32. Ne3 Rxd1+ 33. Rxd1 Bc5
34. Nd5 Kf7 35. Nc3 Re8 36. Kg2 Bd4 37. Nb5 Rd8 38. Kg3 a6 39. Na3 Be5+ 40. Kg4
Rc8 41. b3 Ke6 42. f3 Rc3 43. Nc4 b5 44. axb5 axb5 45. Nxe5 Kxe5 46. Re1 d2 47.
Rxe4+ Kd5 48. Re8 Rc6 0-1

[Event "DEM U14 2014"]
[Site "Magdeburg GER"]
[Date "2014.06.08"]
[Round "1"]
[White "Ramien, David"]
[Black "Kololli, Martin"]
[Result "0-1"]
[Termination "normal"]
[Board "4"]
[WhiteElo "1883"]
[BlackElo "2056"]
[WhiteClock "00:10:32"]
[BlackClock "00:07:34"]
[PlyCount "80"]
[WhiteFideId "12948241"]
[BlackFideId "12936910"]
[EventCountry "GER"]
[EventRounds "9"]
[EventType "swiss"]
[EventDate "2014.06.07"]

1. e4 e5 2. Nf3 Nc6 3. Bb5 a6 4. Ba4 Nf6 5. Qe2 b5 6. Bb3 Be7 7. d4 d6 8. dxe5
Nxe5 9. Nxe5 dxe5 10. a4 Bd7 11. O-O O-O 12. Rd1 c6 13. Bg5 Qc7 14. Nd2 Bg4 15.
f3 Be6 16. Nf1 Nh5 17. Be3 Nf4 18. Bxf4 exf4 19. Rd3 Qe5 20. Bxe6 fxe6 21. c3
Rad8 22. axb5 Qxb5 23. Rd2 Rxd2 24. Qxd2 Bc5+ 25. Kh1 Bb6 26. Qd6 Qxb2 27.
Qxe6+ Kh8 28. Qe7 Rg8 29. Qa3 Qf2 30. Nd2 Qxd2 31. Qxa6 Qxc3 32. Rb1 Be3 33. h3
h6 34. Qb7 Rd8 35. Qe7 Qd3 36. Ra1 Qd1+ 37. Rxd1 Rxd1+ 38. Kh2 Bg1+ 39. Kh1
Bf2+ 40. Kh2 Bg3# 0-1

[Event "DEM U14 2014"]
[Site "Magdeburg GER"]
[Date "2014.06.08"]
[Round "1"]
[White "Höglauer, Patrick"]
[Black "Gutschenreiter, Dorian"]
[Result "1-0"]
[Termination "normal"]
[Board "5"]
[WhiteElo "2069"]
[BlackElo "1855"]
[WhiteClock "00:49:42"]
[BlackClock "00:00:32"]
[PlyCount "75"]
[WhiteFideId "1270548"]
[BlackFideId "12956996"]
[EventCountry "GER"]
[EventRounds "9"]
[EventType "swiss"]
[EventDate "2014.06.07"]

1. d4 Nf6 2. c4 g6 3. Nc3 Bg7 4. e4 d6 5. f3 O-O 6. Be3 e5 7. d5 Nbd7 8. Bd3
Ne8 9. Qb1 a5 10. Bc2 Nc5 11. a3 f5 12. b4 axb4 13. axb4 Rxa1 14. Qxa1 Na6 15.
Qb1 f4 16. Bf2 g5 17. Na4 g4 18. b5 Nb8 19. Bd1 Qg5 20. fxg4 Bxg4 21. Nf3 Qh5
22. c5 Nd7 23. c6 bxc6 24. bxc6 Ndf6 25. O-O Bxf3 26. Bxf3 Qg6 27. h3 h5 28.
Nc3 Ng4 29. Qb8 Nxf2 30. Rxf2 Qf7 31. Nb5 Bf6 32. Ra2 Bh4 33. Ra7 Qg6 34. Nxc7
Qg3 35. Ra1 Qf2+ 36. Kh1 Nf6 37. Qa7 Qd2 38. Ne6 1-0

[Event "DEM U14 2014"]
[Site "Magdeburg GER"]
[Date "2014.06.08"]
[Round "1"]
[White "Müller, Elias"]
[Black "Gungl, Theo"]
[Result "0-1"]
[Termination "normal"]
[Board "6"]
[WhiteElo "1686"]
[BlackElo "2066"]
[WhiteClock "00:10:06"]
[BlackClock "00:02:51"]
[PlyCount "80"]
[WhiteFideId "12917133"]
[BlackFideId "24695653"]
[EventCountry "GER"]
[EventRounds "9"]
[EventType "swiss"]
[EventDate "2014.06.07"]

1. d4 Nf6 2. c4 g6 3. Nc3 d5 4. Bf4 Bg7 5. e3 O-O 6. Rc1 c6 7. Nf3 e6 8. c5
Nbd7 9. b4 a6 10. Be2 Re8 11. Bd6 Bf8 12. Bg3 Nh5 13. Bh4 Be7 14. Bxe7 Qxe7 15.
Ne5 Nxe5 16. dxe5 Qg5 17. Bxh5 gxh5 18. Qd4 Qxg2 19. Kd2 Qxf2+ 20. Ne2 Qf5 21.
Rhg1+ Kf8 22. Rcf1 Qe4 23. Qb2 d4 24. exd4 Rd8 25. Rg5 a5 26. Rf4 Qd5 27. Qc2
f5 28. b5 Qxe5 29. b6 Qf6 30. Rxh5 Kg8 31. Qd3 e5 32. Qg3+ Kf8 33. Rfh4 f4 34.
Qd3 Be6 35. Rxh7 Bf5 36. Rh8+ Ke7 37. Qc4 Rxh8 38. dxe5 Rad8+ 39. Nd4 Qxe5 40.
Rxh8 Rxd4+ 0-1

[Event "DEM U14 2014"]
[Site "Magdeburg GER"]
[Date "2014.06.08"]
[Round "1"]
[White "Buckels, Valentin"]
[Black "Hofmann, Rares"]
[Result "1-0"]
[Termination "normal"]
[Board "7"]
[WhiteElo "2102"]
[BlackElo "1890"]
[WhiteClock "00:05:43"]
[BlackClock "00:12:18"]
[PlyCount "81"]
[WhiteFideId "12942766"]
[BlackFideId "12976440"]
[EventCountry "GER"]
[EventRounds "9"]
[EventType "swiss"]
[EventDate "2014.06.07"]

1. d4 Nf6 2. c4 g6 3. Nf3 Bg7 4. g3 O-O 5. Bg2 d6 6. O-O Nc6 7. Nc3 Bf5 8. d5
Na5 9. Nd2 c5 10. e4 Bg4 11. Qc2 a6 12. h3 Bd7 13. b3 b5 14. Bb2 Nh5 15. Ne2
Rb8 16. Bxg7 Nxg7 17. f4 Qc7 18. Qc3 bxc4 19. bxc4 Rb4 20. a3 Rb7 21. Rab1 Rfb8
22. Rxb7 Rxb7 23. g4 Ba4 24. e5 Nb3 25. Ne4 Qd8 26. f5 Na5 27. f6 exf6 28.
Nxf6+ Kh8 29. exd6 Rb3 30. Qd2 Ne8 31. Nxe8 Nxc4 32. Qf4 Qxe8 33. Qxc4 Qe3+ 34.
Kh1 Bb5 35. d7 Bxd7 36. Qxa6 Be8 37. Qf6+ Kg8 38. Nf4 Rxa3 39. Ne6 Qh6 40. g5
Rxh3+ 41. Kg1 1-0

[Event "DEM U14 2014"]
[Site "Magdeburg GER"]
[Date "2014.06.08"]
[Round "1"]
[White "Niermann, Tristan"]
[Black "Kololli, Kevin"]
[Result "0-1"]
[Termination "normal"]
[Board "8"]
[WhiteElo "1819"]
[BlackElo "2030"]
[WhiteClock "01:01:25"]
[BlackClock "00:49:43"]
[PlyCount "84"]
[WhiteFideId "12990698"]
[BlackFideId "12936863"]
[EventCountry "GER"]
[EventRounds "9"]
[EventType "swiss"]
[EventDate "2014.06.07"]

1. e4 Nf6 2. e5 Nd5 3. d4 d6 4. c4 Nb6 5. exd6 cxd6 6. Nc3 g6 7. Be3 Bg7 8. Rc1
O-O 9. b3 Nc6 10. d5 Ne5 11. Be2 h5 12. h3 Re8 13. Nf3 Nxf3+ 14. Bxf3 Nd7 15.
O-O Qa5 16. Nb5 a6 17. b4 Qd8 18. Na7 Ne5 19. Nxc8 Rxc8 20. Be2 a5 21. Qb3 axb4
22. Qxb4 Ra8 23. Bb6 Qd7 24. f4 Rxa2 25. Rce1 Rb2 26. Qa5 Rxe2 27. Rxe2 Nxc4
28. Qb4 Nxb6 29. Qxb6 Rc8 30. Qb3 Bd4+ 31. Kh1 Rc3 32. Qd1 Bf6 33. Rc2 Rc5 34.
Rxc5 dxc5 35. f5 Kg7 36. Qf3 h4 37. fxg6 fxg6 38. d6 Qxd6 39. Qxb7 c4 40. Qf3
c3 41. Qd1 Qxd1 42. Rxd1 Bg5 0-1

[Event "DEM U14 2014"]
[Site "Magdeburg GER"]
[Date "2014.06.08"]
[Round "1"]
[White "Lagunow, Raphael"]
[Black "Piskaykin, Bogdan"]
[Result "1-0"]
[Termination "normal"]
[Board "9"]
[WhiteElo "2066"]
[BlackElo "1672"]
[PlyCount "69"]
[WhiteFideId "24652644"]
[BlackFideId "12941212"]
[EventCountry "GER"]
[EventRounds "9"]
[EventType "swiss"]
[EventDate "2014.06.07"]

1. e4 c5 2. c3 g6 3. d4 cxd4 4. cxd4 d5 5. exd5 Nf6 6. Nc3 Nxd5 7. Bc4 Nb6 8.
Bb3 Bg7 9. Nf3 O-O 10. h3 Nc6 11. Be3 Na5 12. Bc2 Nac4 13. b3 Nxe3 14. fxe3 Qc7
15. Qd2 Qg3+ 16. Qf2 Qxf2+ 17. Kxf2 Bd7 18. Bd3 Rfc8 19. Rac1 a5 20. Ne4 a4 21.
Nc5 axb3 22. axb3 Bc6 23. Rhe1 Nd5 24. e4 Nb4 25. Bf1 b6 26. Nd3 Ra2+ 27. Kg3
Nc2 28. Re2 Bb7 29. Nfe1 Nxe1 30. Rxc8+ Bxc8 31. Rxa2 Nxd3 32. Bxd3 Be6 33. d5
Be5+ 34. Kf3 Bd7 35. Ra7 1-0

[Event "DEM U14 2014"]
[Site "Magdeburg GER"]
[Date "2014.06.08"]
[Round "1"]
[White "Alekhanov, Jannis"]
[Black "Kitze, Alexander"]
[Result "0-1"]
[Termination "normal"]
[Board "10"]
[WhiteElo "1801"]
[BlackElo "2058"]
[PlyCount "86"]
[WhiteFideId "12921238"]
[BlackFideId "12914827"]
[EventCountry "GER"]
[EventRounds "9"]
[EventType "swiss"]
[EventDate "2014.06.07"]

1. e4 c5 2. Nf3 d6 3. d4 cxd4 4. Nxd4 Nf6 5. Nc3 a6 6. Bg5 Nbd7 7. Bd3 Qc7 8.
f4 b5 9. Qf3 Bb7 10. O-O-O g6 11. g4 Bg7 12. Nde2 O-O 13. h4 b4 14. Nd5 Nxd5
15. exd5 Nb6 16. h5 Bxd5 17. Qh3 Bxh1 18. hxg6 fxg6 19. Rxh1 h6 20. Bxh6 e6 21.
Bxg6 Bxh6 22. Qxh6 Qg7 23. Bh7+ Kf7 24. Qh5+ Ke7 25. Qa5 Qxb2+ 26. Kxb2 Nc4+
27. Kb3 Nxa5+ 28. Kxb4 Nc6+ 29. Kc3 Rac8 30. Kb2 Nb4 31. c3 Nd5 32. f5 Rb8+ 33.
Kc1 Rh8 34. Ng3 Nf6 35. Bg6 Rxh1+ 36. Nxh1 Nxg4 37. fxe6 Kxe6 38. Ng3 Ne3 39.
Bd3 a5 40. Kd2 Nd5 41. Kc2 Ke5 42. Ne2 Rc8 43. a3 Nxc3 0-1

[Event "DEM U14 2014"]
[Site "Magdeburg GER"]
[Date "2014.06.08"]
[Round "1"]
[White "Schmidek, Emil"]
[Black "Abdurakhimov, Peter"]
[Result "1-0"]
[Termination "normal"]
[Board "11"]
[WhiteElo "2038"]
[BlackElo "1784"]
[PlyCount "35"]
[WhiteFideId "12908150"]
[BlackFideId "12979694"]
[EventCountry "GER"]
[EventRounds "9"]
[EventType "swiss"]
[EventDate "2014.06.07"]

1. e4 c5 2. Nf3 e6 3. d4 cxd4 4. Nxd4 a6 5. Bd3 Nf6 6. O-O Qc7 7. Kh1 Be7 8. f4
d6 9. Qf3 Nbd7 10. Bd2 b6 11. Nc3 Bb7 12. Rae1 O-O 13. Qh3 g6 14. e5 Nh5 15. f5
dxe5 16. fxg6 exd4 17. gxf7+ Rxf7 18. Rxf7 1-0

[Event "DEM U14 2014"]
[Site "Magdeburg GER"]
[Date "2014.06.08"]
[Round "1"]
[White "Visvikis, Christos"]
[Black "Pallas, Sebastian"]
[Result "0-1"]
[Termination "normal"]
[Board "12"]
[WhiteElo "1723"]
[BlackElo "2004"]
[PlyCount "142"]
[WhiteFideId "12967955"]
[BlackFideId "12905453"]
[EventCountry "GER"]
[EventRounds "9"]
[EventType "swiss"]
[EventDate "2014.06.07"]

1. e4 c5 2. Nf3 d6 3. Bb5+ Bd7 4. Bxd7+ Qxd7 5. O-O Nc6 6. c3 d5 7. exd5 Qxd5
8. Na3 O-O-O 9. Nc2 e6 10. Qe2 Bd6 11. d4 Qh5 12. h3 Nf6 13. dxc5 Bxc5 14. Bf4
Rhe8 15. Bg3 e5 16. Qc4 e4 17. Nfd4 Qd5 18. Qxd5 Rxd5 19. Nxc6 bxc6 20. b4 Bb6
21. c4 Rd2 22. Rac1 Nh5 23. Bh2 Bc7 24. Bxc7 Kxc7 25. g3 f5 26. c5 f4 27. g4
Nf6 28. a4 a6 29. Rfe1 Nd5 30. Red1 Rxd1+ 31. Rxd1 Nc3 32. Rd6 e3 33. fxe3 fxe3
34. Nd4 e2 35. Rxc6+ Kb7 36. Rb6+ Ka7 37. Nxe2 Nxe2+ 38. Kf2 Nf4 39. Rd6 Re7
40. h4 Ng6 41. b5 axb5 42. axb5 Ne5 43. Ra6+ Kb8 44. c6 Kc7 45. Kg3 Kd6 46. Rb6
Rc7 47. Ra6 Rf7 48. h5 Kc5 49. c7 Rxc7 50. b6 Rb7 51. Ra7 Kxb6 52. Rxb7+ Kxb7
53. Kf4 Nf7 54. g5 g6 55. hxg6 hxg6 56. Ke4 Kc6 57. Kd4 Kd6 58. Ke4 Nxg5+ 59.
Kf4 Nf7 60. Ke4 Ke6 61. Kf4 Kd5 62. Kg4 Ke4 63. Kg3 Kf5 64. Kh4 g5+ 65. Kg3 g4
66. Kg2 Kf4 67. Kf2 g3+ 68. Kg2 Ng5 69. Kg1 Kf3 70. Kh1 g2+ 71. Kg1 Nh3+ 0-1

[Event "DEM U14 2014"]
[Site "Magdeburg GER"]
[Date "2014.06.08"]
[Round "1"]
[White "Ovsepyan, Arshak"]
[Black "Killgus, Leonard"]
[Result "1-0"]
[Termination "normal"]
[Board "13"]
[WhiteElo "2013"]
[BlackElo "1732"]
[PlyCount "75"]
[WhiteFideId "24690236"]
[BlackFideId "12922021"]
[EventCountry "GER"]
[EventRounds "9"]
[EventType "swiss"]
[EventDate "2014.06.07"]

1. d4 Nf6 2. Nf3 g6 3. c4 Bg7 4. Nc3 d5 5. e3 O-O 6. Qb3 e6 7. Be2 b6 8. cxd5
exd5 9. Ne5 Bb7 10. O-O Nbd7 11. Rd1 c6 12. f4 c5 13. Bf3 cxd4 14. exd4 Ne4 15.
Nxd5 Nxe5 16. dxe5 Bxd5 17. Rxd5 Qh4 18. Be3 Nc5 19. Rxc5 bxc5 20. Bxa8 Rxa8
21. g3 Qe7 22. Qd5 Rc8 23. Rc1 Bf8 24. b4 c4 25. Rxc4 Rxc4 26. Qxc4 Qxb4 27.
Qxb4 Bxb4 28. Bxa7 Ba3 29. Kf2 Kf8 30. Ke3 g5 31. f5 Ke8 32. Kd4 g4 33. Kd5 Kd7
34. e6+ fxe6+ 35. fxe6+ Ke7 36. Bc5+ Bxc5 37. Kxc5 Kxe6 38. a4 1-0

[Event "DEM U14 2014"]
[Site "Magdeburg GER"]
[Date "2014.06.08"]
[Round "1"]
[White "Fieberg, Samuel"]
[Black "Jurga, Jonas Vincent"]
[Result "1-0"]
[Termination "normal"]
[Board "15"]
[WhiteElo "1978"]
[BlackElo "1722"]
[PlyCount "41"]
[WhiteFideId "12901717"]
[BlackFideId "12968013"]
[EventCountry "GER"]
[EventRounds "9"]
[EventType "swiss"]
[EventDate "2014.06.07"]

1. e4 c5 2. Nf3 d6 3. d4 cxd4 4. Nxd4 Nf6 5. Nc3 a6 6. Be2 e5 7. Nb3 Be7 8. O-O
O-O 9. Be3 b5 10. f3 Bb7 11. Qd2 d5 12. Nxd5 Nxd5 13. exd5 Qxd5 14. Rfd1 Rd8
15. Qa5 Nc6 16. Qb6 Nd4 17. Nxd4 Bc5 18. Nf5 Bxb6 19. Ne7+ Kf8 20. Nxd5 Rxd5
21. Bxb6 1-0

[Event "DEM U14 2014"]
[Site "Magdeburg GER"]
[Date "2014.06.08"]
[Round "1"]
[White "Grimm, Ling Leander"]
[Black "Martin, Julian"]
[Result "1-0"]
[Termination "normal"]
[Board "16"]
[WhiteElo "1700"]
[BlackElo "1952"]
[PlyCount "119"]
[WhiteFideId "12968277"]
[BlackFideId "12941000"]
[EventCountry "GER"]
[EventRounds "9"]
[EventType "swiss"]
[EventDate "2014.06.07"]

1. c4 c5 2. Nc3 Nf6 3. g3 d5 4. cxd5 Nxd5 5. Bg2 Nc7 6. Qb3 Nc6 7. Bxc6+ bxc6
8. Qa4 Bb7 9. Nf3 e6 10. d3 Be7 11. O-O O-O 12. Ne4 Nd5 13. Qc4 Nb6 14. Qc2 Qd5
15. b3 f5 16. Neg5 h6 17. e4 Qd7 18. Ne5 Qe8 19. Nxe6 Bf6 20. Nxf8 Bxe5 21. Bb2
Bxb2 22. Qxb2 Qxf8 23. f4 Qd6 24. Qc2 Qd4+ 25. Kg2 c4 26. bxc4 fxe4 27. dxe4 c5
28. Rfe1 Re8 29. Rad1 Bxe4+ 30. Kh3 Qxc4 31. Qxc4+ Nxc4 32. Rc1 Ne3 33. g4 Bg2+
34. Kg3 Bb7 35. h3 Re4 36. Kf2 Ng2 37. Rxe4 Bxe4 38. Rc4 Bd5 39. Rxc5 Nxf4 40.
Ke3 g5 41. Ra5 Be6 42. Ra6 Bc4 43. Rxa7 Nxh3 44. a4 Nf4 45. Ke4 Be6 46. Kf3 Nd3
47. Re7 Nc5 48. a5 Bf7 49. Ke3 Kf8 50. Rc7 Na6 51. Rc6 Nb4 52. Rxh6 Ke7 53. a6
Nd5+ 54. Kd4 Nc7 55. Ke5 Nb5 56. Rb6 Be8 57. Rb7+ Bd7 58. a7 Nxa7 59. Rxa7 Ke8
60. Rxd7 1-0

[Event "DEM U14 2014"]
[Site "Magdeburg GER"]
[Date "2014.06.08"]
[Round "1"]
[White "Muckle, Julius"]
[Black "Perekhozhuk, Maksym"]
[Result "1/2-1/2"]
[Termination "normal"]
[Board "17"]
[WhiteElo "1938"]
[BlackElo "1759"]
[PlyCount "249"]
[WhiteFideId "12942430"]
[BlackFideId "12914860"]
[EventCountry "GER"]
[EventRounds "9"]
[EventType "swiss"]
[EventDate "2014.06.07"]

1. d4 Nf6 2. c4 c5 3. d5 b5 4. cxb5 a6 5. b6 d6 6. Nc3 Nbd7 7. a4 Qxb6 8. a5
Qc7 9. e4 g6 10. h3 Bg7 11. Nf3 O-O 12. Be2 Ne8 13. Nd2 Qb7 14. O-O Nc7 15. Qa4
Ne5 16. f4 Nd7 17. Kh1 Rb8 18. Ra3 Nb5 19. Rb3 Nxc3 20. bxc3 Qc7 21. Nc4 Rxb3
22. Qxb3 Nf6 23. Bf3 Bd7 24. Re1 Bb5 25. Nb6 c4 26. Qc2 Nd7 27. Be3 Nc5 28. Be2
Nb3 29. Rb1 Nxa5 30. Qa2 Nb7 31. Bxc4 Bxc4 32. Nxc4 Nc5 33. Bxc5 Qxc5 34. Qxa6
Bxc3 35. Rc1 Qd4 36. e5 dxe5 37. fxe5 Qd3 38. Qc6 Qe2 39. d6 exd6 40. exd6 Qe6
41. Nb6 Bb2 42. Rb1 Ba3 43. Rd1 Rd8 44. Nc4 Rc8 45. Qxc8+ Qxc8 46. d7 Qxc4 47.
d8=Q+ Bf8 48. Qb8 Qc5 49. Qb7 Qa3 50. Rf1 Qa2 51. Rb1 Qe6 52. Qf3 Qc4 53. Rf1
Qa2 54. g3 Qc4 55. h4 Qe6 56. Kg2 Qa2+ 57. Rf2 Qe6 58. Rc2 Qe5 59. Re2 Qc5 60.
Qe3 Qb4 61. h5 Qb7+ 62. Qe4 Qxe4+ 63. Rxe4 gxh5 64. Rh4 Kg7 65. Rxh5 Kg6 66.
Ra5 Bb4 67. Rb5 Bd2 68. g4 f6 69. Rh5 Bg5 70. Rh1 h6 71. Kf3 f5 72. Rh2 fxg4+
73. Kxg4 Kf6 74. Re2 Bc1 75. Rc2 Bg5 76. Rc5 Bd2 77. Kf3 Bg5 78. Ke4 Kg6 79.
Rc6+ Kh5 80. Kf5 Kh4 81. Rc3 Bd2 82. Rd3 Bg5 83. Ke4 Kg4 84. Rd1 Kh5 85. Rd3
Kg6 86. Rd6+ Kh5 87. Kf3 Kh4 88. Ra6 Kh5 89. Rb6 Kh4 90. Rb1 Kh5 91. Rh1+ Kg6
92. Kg4 Kf6 93. Rf1+ Ke5 94. Rf5+ Ke4 95. Rf8 Ke5 96. Rf2 Ke6 97. Kh5 Ke5 98.
Kg6 Ke4 99. Rf1 Ke5 100. Kf7 Ke4 101. Ke6 Ke3 102. Ke5 Ke2 103. Rf7 Kd3 104.
Rf3+ Kc4 105. Rh3 Bd2 106. Rh2 Bg5 107. Rc2+ Kd3 108. Ra2 Kc4 109. Ra5 Kc3 110.
Ra4 Kc2 111. Kd5 Kd3 112. Ra3+ Ke2 113. Ke4 Kf2 114. Kf5 Ke2 115. Ke5 Kf2 116.
Ke4 Be7 117. Rf3+ Ke2 118. Rh3 Bg5 119. Rh2+ Kd1 120. Kd3 Ke1 121. Ra2 Kf1 122.
Re2 Kg1 123. Ke4 Be7 124. Kf3 Bc5 125. Rg2+ 1/2-1/2

[Event "DEM U14 2014"]
[Site "Magdeburg GER"]
[Date "2014.06.08"]
[Round "1"]
[White "Tiedemann, Fin Niklas"]
[Black "Poghosyan, Tigran"]
[Result "1-0"]
[Termination "normal"]
[Board "18"]
[WhiteElo "1618"]
[BlackElo "2026"]
[PlyCount "61"]
[WhiteFideId "12936936"]
[BlackFideId "12909319"]
[EventCountry "GER"]
[EventRounds "9"]
[EventType "swiss"]
[EventDate "2014.06.07"]

1. e4 e5 2. Nf3 Nc6 3. Bc4 Bc5 4. c3 Nf6 5. d4 exd4 6. cxd4 Bb4+ 7. Bd2 Bxd2+
8. Nbxd2 O-O 9. e5 d5 10. Bd3 Qe7 11. Qb3 Rd8 12. O-O Nh5 13. Rfe1 Nf4 14. Bf1
Qe6 15. Rac1 Qg4 16. Kh1 Ne6 17. h3 Qh5 18. Qe3 Qf5 19. g3 g5 20. Kg2 Kh8 21.
Kh2 Nb4 22. Qb3 Nxd4 23. Nxd4 Qxf2+ 24. Bg2 Qxd4 25. Nf3 Qb6 26. Nxg5 Qg6 27.
Nxf7+ Qxf7 28. Qxb4 Rg8 29. Qb3 c6 30. Rf1 Qh5 31. Qe3 1-0

[Event "DEM U14 2014"]
[Site "Magdeburg GER"]
[Date "2014.06.08"]
[Round "1"]
[White "Nguyen, Huy Dat"]
[Black "Lai Hop, Long"]
[Result "1-0"]
[Termination "normal"]
[Board "19"]
[WhiteElo "1921"]
[BlackElo "1660"]
[PlyCount "49"]
[WhiteFideId "12923486"]
[BlackFideId "12942707"]
[EventCountry "GER"]
[EventRounds "9"]
[EventType "swiss"]
[EventDate "2014.06.07"]

1. e4 c5 2. Nc3 d6 3. f4 e6 4. Nf3 Nf6 5. b3 Nbd7 6. Bb2 a6 7. a4 Qc7 8. g3 b6
9. Bg2 Bb7 10. Qe2 Be7 11. O-O O-O 12. Rae1 Rfe8 13. e5 Nd5 14. Ne4 b5 15. Nfg5
dxe5 16. fxe5 Nxe5 17. Qh5 h6 18. Nxf7 Bf6 19. Bxe5 Qxf7 20. Qxf7+ Kxf7 21.
Nd6+ Kg6 22. Nxe8 Rxe8 23. c4 bxa4 24. bxa4 Nb4 25. Bxb7 1-0

[Event "DEM U14 2014"]
[Site "Magdeburg GER"]
[Date "2014.06.08"]
[Round "1"]
[White "Nguyen, Anh Van"]
[Black "Langer, Simon"]
[Result "0-1"]
[Termination "normal"]
[Board "20"]
[WhiteElo "1610"]
[BlackElo "1881"]
[PlyCount "114"]
[WhiteFideId "12908223"]
[BlackFideId "12950386"]
[EventCountry "GER"]
[EventRounds "9"]
[EventType "swiss"]
[EventDate "2014.06.07"]

1. e4 c5 2. Nf3 e6 3. d4 cxd4 4. Nxd4 Nc6 5. Nc3 Qc7 6. Be2 Nf6 7. Ndb5 Qb8 8.
Be3 a6 9. Bb6 axb5 10. Nxb5 Bb4+ 11. c3 Ba5 12. Nc7+ Qxc7 13. Bxc7 Bxc7 14. Bd3
d5 15. exd5 exd5 16. O-O O-O 17. h3 Re8 18. Bb5 Be6 19. a4 Red8 20. Qc2 Na5 21.
Kh1 Rac8 22. Rfd1 Bb6 23. b4 Nc4 24. Bxc4 Rxc4 25. a5 Ba7 26. Qd3 Rdc8 27. f3
Rxc3 28. Qb5 R3c7 29. a6 bxa6 30. Qxa6 h6 31. b5 Rb8 32. Rdc1 Rcb7 33. Rab1 Be3
34. Re1 Rb6 35. Qa5 d4 36. Qb4 Bd7 37. Qc5 Rxb5 38. Rxb5 Rxb5 39. Qd6 Rd5 40.
Qb8+ Kh7 41. Qb1+ Bf5 42. Qd1 Rc5 43. Qa1 Bg6 44. Qa3 Rc3 45. Qd6 Nh5 46. Qe5
f6 47. Qd6 Bf2 48. Rd1 d3 49. Qb4 Rc2 50. Kh2 Ng3 51. h4 d2 52. h5 Nxh5 53. g4
Bc5 54. Qb8 Bd4 55. Qb4 Be5+ 56. Kg1 Bc3 57. Qa4 Rc1 0-1

[Event "DEM U14 2014"]
[Site "Magdeburg GER"]
[Date "2014.06.08"]
[Round "1"]
[White "Herbrig, Alexander"]
[Black "Schamber, Dennis"]
[Result "1-0"]
[Termination "normal"]
[Board "21"]
[WhiteElo "1886"]
[BlackElo "1560"]
[PlyCount "85"]
[WhiteFideId "12952044"]
[BlackFideId "12952176"]
[EventCountry "GER"]
[EventRounds "9"]
[EventType "swiss"]
[EventDate "2014.06.07"]

1. e4 c5 2. Nf3 d6 3. d4 cxd4 4. Nxd4 Nf6 5. Nc3 g6 6. Be3 Bg7 7. f3 O-O 8. Qd2
Nc6 9. Bc4 Bd7 10. O-O-O Rc8 11. Bb3 Ne5 12. Kb1 Nc4 13. Bxc4 Rxc4 14. g4 a5
15. h4 h5 16. g5 Ne8 17. Qd3 Rc8 18. f4 Bg4 19. Rd2 e5 20. Ndb5 exf4 21. Bxf4
Qb6 22. Nd5 Qd8 23. Qa3 Be5 24. Bxe5 Kh7 25. Nf6+ Nxf6 26. Bxf6 Qb6 27. Nxd6
Rb8 28. Be7 Rg8 29. Qb3 Qc7 30. Bf6 Be6 31. Qc3 Qb6 32. Rf1 Qa6 33. Rff2 b5 34.
Be5 Qa7 35. Qf3 Rgf8 36. Qf6 Rg8 37. Nf5 Rb6 38. Bd4 Bxa2+ 39. Kxa2 Rxf6 40.
Bxa7 Ra6 41. Nh6 Rxa7 42. Nxg8 Kxg8 43. Rf6 1-0

[Event "DEM U14 2014"]
[Site "Magdeburg GER"]
[Date "2014.06.08"]
[Round "1"]
[White "Dallinger, Moritz"]
[Black "Stein, Robert"]
[Result "1-0"]
[Termination "normal"]
[Board "22"]
[WhiteElo "1544"]
[BlackElo "1891"]
[PlyCount "43"]
[WhiteFideId "12910864"]
[BlackFideId "12921084"]
[EventCountry "GER"]
[EventRounds "9"]
[EventType "swiss"]
[EventDate "2014.06.07"]

1. e4 e5 2. Nf3 Nc6 3. Bb5 a6 4. Ba4 Nf6 5. d3 b5 6. Bb3 Be7 7. O-O d6 8. c3
O-O 9. Re1 Na5 10. Bc2 c5 11. Nbd2 Qc7 12. Nf1 Bb7 13. Ng3 Rfe8 14. Nf5 Bf8 15.
Bg5 Nd7 16. N3h4 Nb6 17. Qg4 Re6 18. Re3 Rae8 19. Rg3 d5 20. Nxg7 h5 21. Nxe8
Rxe8 22. Qxh5 1-0

[Event "DEM U14 2014"]
[Site "Magdeburg GER"]
[Date "2014.06.08"]
[Round "1"]
[White "Rätzke von Stoyentin, Steffen"]
[Black "Bureik, Nicolas"]
[Result "1-0"]
[Termination "normal"]
[Board "23"]
[WhiteElo "1882"]
[BlackElo "1513"]
[PlyCount "41"]
[WhiteFideId "12907502"]
[BlackFideId "12971863"]
[EventCountry "GER"]
[EventRounds "9"]
[EventType "swiss"]
[EventDate "2014.06.07"]

1. d4 Nf6 2. c4 g6 3. Nc3 Bg7 4. e4 d6 5. Be2 O-O 6. Nf3 Nbd7 7. O-O c5 8. d5
Ne8 9. Bf4 a6 10. a4 Nb8 11. e5 Nd7 12. e6 fxe6 13. Ng5 Nb8 14. Bg4 Nc7 15. Bd2
exd5 16. Nxd5 Bxb2 17. Bxc8 Bxa1 18. Qxa1 Ra7 19. Ba5 Nc6 20. Ne6 Qxc8 21. Qg7#
1-0